|
|
|
|
| LEADER |
01181nam a22002892a 4500 |
| 001 |
000756620 |
| 003 |
CZ BrMZK |
| 005 |
20151125090153.0 |
| 007 |
ta |
| 008 |
041220s1954 xr er|||||||||||cze d |
| 015 |
|
|
|a cnb000510717
|
| 035 |
|
|
|a (OCoLC)85316997
|
| 040 |
|
|
|a BOA001
|b cze
|
| 100 |
1 |
|
|a Tilschová, Anna Maria,
|d 1873-1957
|7 jk01132483
|4 aut
|
| 245 |
1 |
0 |
|a Haldy :
|b román /
|c Anna Maria Tilschová ; obálka a kresba v titulu od jana Zrzavého
|
| 250 |
|
|
|a Vyd. 6.
|
| 260 |
|
|
|a Praha :
|b Československý spisovatel,
|c 1954
|
| 300 |
|
|
|a 368 s.
|
| 490 |
1 |
|
|a Dílo Anny Marie Tilschové ;
|v sv. 7
|
| 500 |
|
|
|a Dostupné též v digitální podobě v aplikaci Kramerius
|
| 800 |
1 |
|
|a Tilschová, Anna Maria,
|d 1873-1957.
|t Dílo
|0 s
|
| 856 |
4 |
1 |
|u http://www.digitalniknihovna.cz/mzk/uuid/uuid:b6e4edf0-3e12-11e8-84e3-005056827e52
|y Digitalizovaný dokument
|x NDK
|
| 910 |
|
|
|a BOA001
|b PK-II-0030.279-54
|b 2-0284.598-54
|
| 920 |
|
|
|a 000556844
|
| 990 |
|
|
|a BK
|
| 996 |
6 |
|
|b 2619717034
|c 2-0284.598-54
|l MZK
|r Sklad / do 24 hodin
|n 4
|w 000756620
|u 000020
|a 1
|e BOA001
|j MZK50
|s P
|
| 996 |
7 |
|
|b 3119681090
|c PK-II-0030.279-54
|l MZK
|r Sklad / do 1 hodiny
|n 2
|w 000756620
|u 000010
|a 1
|e BOA001
|j MZK50
|s A
|